| 000 | 00717nam a22002295i 4500 | ||
|---|---|---|---|
| 001 | 167196 | ||
| 003 | ES-MaACL | ||
| 005 | 20251004063217.0 | ||
| 008 | 990222s1873 it |||| | ita d | ||
| 040 |
_aCCPB | B _bspa _cCCPB | B |
||
| 100 | 1 |
_aVera, Augusto, _d1813-1885 _9133627 |
|
| 245 | 1 | 0 |
_aStrauss l´ancienne et la nouvelle foi / _cpar A. Vera. |
| 260 |
_aNaples : _bDetken & Rocholl, _c1873. |
||
| 300 |
_a4 p. l.,362 p. ; _c20 cm. |
||
| 510 | 4 |
_aNUC, _cT. 632, NV 0088321 |
|
| 596 | _aMarca tip. en port. | ||
| 597 | _aAntep. | ||
| 650 | 7 |
_aFilosofĂa _2embne _912802 |
|
| 852 |
_aES-MaACL _jG-8988 _z-- Enc. hol. |
||
| 852 |
_aES-MaACL _jD-4714 _z-- Enc. cart. |
||
| 999 |
_c167196 _d167196 |
||